000 00577nam a2200205Ia 4500
001 7696
003 GE_BSU
008 181216s||||||||xx |||||||||||||| ||und||
040 _cGE_BSU
245 _aВопросы культурологии. №8 2013.
245 _cГл. ред.А.В.Агошков и др.
260 _aМосква.
260 _bпанорама
260 _c2013.
300 _a106ст;29см.
653 _aВопросы културологии№8 2013.
653 _aПериодика
653 _aპერიოდიკა
942 _cCR
999 _c41047
_d41047